Statistics for AFL Norm Smith Medalists

Click here to take the quiz!

General Stats

  • This quiz has been taken 431 times
  • The average score is 9 of 15

Answer Stats

HintAnswer% Correct
2010(replay)Scott Pendlebury
84%
2008Luke Hodge
77%
2005Chris Judd
73%
2011Jimmy Bartel
73%
2010Lenny Hayes
73%
2003Simon Black
69%
2000James Hird
63%
2009Paul Chapman
62%
2007Steve Johnson
60%
2002Nathan Buckley
58%
1998Andrew Mcleod
47%
2006Andrew Embley
44%
2004Byron Pickett
43%
2001Shaun Hart
33%
1999Shannon Grant
25%

Score Distribution

Percentile by Number Answered

Percent of People with Each Score

Your Score History

You have not taken this quiz